000 00900nim a2200265 i 4500
001 41221
003 KOSZ 005
005 20220425105312.0
008 s uk f |000 0 eng
040 _cBPK
041 0 _aeng
080 _a8111.111
245 0 0 _aInteraction :
_bbeginner /
_c[Barbara Pawłowska] ; [Maria Witak].
260 _aWarszawa :
_bWydawnictwa Szkolne i Pedagogiczne,
_c2002.
300 _a1 CD :
_btotal time 57'28''.
650 7 _aJęzyk angielski
650 7 _aNauczanie języków obcych
658 _aEdukacja i pedagogika
658 _aJęzykoznawstwo
700 1 _aPawłowska, Barbara Elżbieta
_eAutor
700 1 _aWitak, Maria
_eAutor
710 2 _aWydawnictwa Szkolne i Pedagogiczne
856 _uhttp://koha.tu.koszalin.pl/cgi-bin/koha/opac-detail.pl?biblionumber=41221
_yKatalog online BPK
942 _cCD
_2UKD
999 _c41221
_d41221